000 00423nam a22001577a 4500
999 _c7727
_d7727
003 OSt
005 20190218163352.0
008 190218b ||||| |||| 00| 0 eng d
040 _cDLC
082 _a234
_bJ79t
100 _aJong, Paul C.
245 _aThe Tabernacle: A Detailed Portrait of Jesus Christ (I)/
260 _aSeoul, Korea:
_bHephzibah Publishing House:
_cc. 2003
300 _a361 p.;
_c21 cm
942 _2ddc
_cBK